LDR 01031naa#a2200193#i#450# 001 RU\\bibl\117551 005 20260415160624.3 011 ## _a2312-7937 100 ## _a20260401b2026####ek#y0rusy0150####ca 102 ## _aRU 200 1# _aПроблемы установления причинно-следственной связи при расследовании преступлений по ст. 219 УК РФ _eЖурнальная статья 210 1# _aДомодедово _cВсероссийский институт повышения квалификации сотрудников Министерства внутренних дел Российской Федерации _d2026 215 ## _a9 с. 608 ## _aЖурнальная статья _2local 675 ## _aПраво. Юридические науки. 34 _z 700 #1 _aТарасов _gМаксим Юрьевич 700 #1 _aСоколов _gСергей Сергеевич 700 #1 _aХодикова _gНина Анатольевна 856 4# _avipkmvd.editorum.ru _u